Tilastot visalle Aasian valtiot pääkaupunkien mukaan

Klikkaa tästä pelataksesi tätä visaa!

Yleistilastot

  • Tätä visaa on pelattu 322 kertaa
  • Keskiarvotulos 37 / 48

Vastaustilastot

PääkaupunkiValtio% Oikein
ManilaFilippiinit
86%
BagdadIrak
83%
PekingKiina
83%
TokioJapani
82%
SingaporeSingapore
82%
SoulEtelä-Korea
81%
KuwaitKuwait
81%
Abu DhabiYhdistyneet arabiemiirikunnat
81%
TbilisiGeorgia
80%
HanoiVietnam
80%
New DelhiIntia
79%
JerusalemIsrael
79%
IslamabadPakistan
79%
AnkaraTurkki
79%
Bandar Seri
Begawan
Brunei
78%
TeheranIran
78%
BeirutLibanon
78%
Ulan BatorMongolia
78%
DohaQatar
78%
SanaaJemen
77%
AmmanJordania
77%
Kuala LumpurMalesia
77%
KathmanduNepal
77%
PjongjangPohjois-Korea
77%
BangkokThaimaa
77%
JakartaIndonesia
76%
Phnom PenhKambodža
76%
NikosiaKypros
76%
DamaskosSyyria
76%
JerevanArmenia
75%
BiškekKirgisia
75%
TaipeiTaiwan
75%
KabulAfganistan
74%
BakuAzerbaidžan
74%
DhakaBangladesh
74%
DiliItä-Timor
74%
AstanaKazakstan
74%
RiadSaudi-Arabia
73%
KotteSri Lanka
73%
ManamaBahrain
72%
VientianeLaos
72%
MaleMalediivit
72%
MasqatOman
72%
DušanbeTadžikistan
71%
NaypyidawMyanmar
69%
ThimphuBhutan
68%
AšgabatTurkmenistan
67%
TaškentUzbekistan
66%

Tulosjakauma

Persentiili vastausten määrän mukaan

Jokaisen tuloksen saaneiden osuus

Tuloshistoriasi

Et ole pelannut tätä visaa